000 00683nam a22002177a 4500
003 UA-OsUOA
001 38080
007 ta
008 20060426b un ||||| |||| 00| 0 ukr d
100 _aМарченко Людмила
090 _a32
_bМ11
942 _cSA
040 _aUA-OsUOA
_bukr
_cUA-OsUOA
_dUA-OsUOA
245 _aВасиль Кремінь: освіта і ситема виховання повинні переорієнтіватися на формування у людей інноваційного типу культури
300 _a2-5 с.
955 _a0
041 _aukr
080 _a32
773 0 _w38079
650 7 _a32 Політика
_2UDC
999 _c324244
_d324244